[Event "Troisdorf op"]
[Site "Troisdorf"]
[Date "2013.10.22"]
[Round "1"]
[White "Trube, Dieter"]
[Black "Schilcher, Adrian"]
[Result "0-1"]
[WhiteElo "2008"]
[BlackElo "1875"]
[PlyCount "60"]
[EventDate "2013.10.22"]
[EventType "swiss"]
[EventRounds "7"]
[EventCountry "GER"]
[SourceTitle "EXT 2016"]
[Source "ChessBase"]
[SourceDate "2015.10.08"]
[SourceVersion "1"]
[SourceVersionDate "2015.10.08"]
[SourceQuality "1"]

1. e4 c5 2. a3 g6 3. b4 Bg7 4. Nc3 Nf6 5. Rb1 cxb4 6. axb4 d6 7. d4 0-0 8. Nf3 Qb6 9. Bd2 Nc6 10. d5 Nd4 11. Nxd4 Qxd4 12. Bd3 Bg4 13. Ne2 Qe5 14. f3 Bd7 15. 0-0 Rac8 16. f4 Qh5 17. Qe1 Bg4 18. c4 Nxe4 19. Ng3 Nxg3 20. Qxg3 Be2 21. Rfe1 Bd4+ 22. Kh1 Bxd3 23. Qxd3 Bf6 24. Be3 a6 25. c5 Rfd8 26. Red1 a5 27. bxa5 dxc5 28. Rxb7 c4 29. Qc2 Ra8 30. Qxc4 Qxd1+ 0-1

[Event "Mittelrhein Verbandsliga-O 1112"]
[Site "Germany"]
[Date "2012.05.20"]
[Round "11"]
[White "Paulus, Jeffrey"]
[Black "Trube, Dieter"]
[Result "1-0"]
[WhiteElo "1869"]
[BlackElo "1556"]
[PlyCount "83"]
[EventDate "2011.09.18"]
[EventType "team-tourn"]
[EventRounds "11"]
[EventCountry "GER"]
[SourceTitle "EXT 2013"]
[Source "ChessBase"]
[SourceDate "2012.11.22"]
[SourceVersion "1"]
[SourceVersionDate "2012.11.22"]
[SourceQuality "1"]
[WhiteTeam "Koeln Porz III"]
[BlackTeam "Siegburg"]
[WhiteTeamCountry "GER"]
[BlackTeamCountry "GER"]

1. d4 d5 2. Nf3 Nf6 3. c4 c6 4. Nc3 Bf5 5. Bg5 Nbd7 6. Qb3 b6 7. cxd5 cxd5 8. Nxd5 Nxd5 9. Qxd5 Be6 10. Qb7 h6 11. Bf4 Qc8 12. Qxc8+ Rxc8 13. e4 Nf6 14. Bd3 g5 15. Bd2 Bg7 16. Bc3 0-0 17. 0-0 Bc4 18. Bxc4 Rxc4 19. Rfe1 e6 20. Rad1 Rd8 21. Ne5 Rc7 22. h3 Nd7 23. Nd3 Nb8 24. Nb4 a5 25. Nc2 Nc6 26. Rd2 Rcd7 27. Red1 Kh7 28. a4 Kg6 29. Kf1 f5 30. e5 Ne7 31. Na3 Nd5 32. Nb5 Bf8 33. Rc2 Rc8 34. Rdc1 Nxc3 35. Rxc3 Rxc3 36. bxc3 Kf7 37. c4 Bb4 38. c5 bxc5 39. dxc5 Ke7 40. c6 Rd8 41. c7 Rc8 42. Na7 1-0

[Event "Troisdorf op"]
[Site "Troisdorf"]
[Date "2011.10.25"]
[Round "1"]
[White "Trube, Dieter"]
[Black "Schmidt, Kai Uwe"]
[Result "0-1"]
[WhiteElo "1644"]
[BlackElo "1929"]
[PlyCount "66"]
[EventDate "2011.10.25"]
[EventType "swiss"]
[EventRounds "7"]
[EventCountry "GER"]
[SourceTitle "EXT 2013"]
[Source "ChessBase"]
[SourceDate "2012.11.22"]
[SourceVersion "1"]
[SourceVersionDate "2012.11.22"]
[SourceQuality "1"]

1. e4 d6 2. d4 Nf6 3. Nc3 g6 4. f4 Bg7 5. Nf3 0-0 6. Be2 c5 7. d5 b5 8. Bxb5 Nxe4 9. 0-0 Bxc3 10. bxc3 Nxc3 11. Qd3 Nxb5 12. Qxb5 Ba6 13. Qb3 Bxf1 14. Kxf1 Qa5 15. Bd2 Qa6+ 16. Kf2 Nd7 17. Qe3 Nf6 18. Qxe7 Nxd5 19. Qh4 Qc4 20. Re1 f6 21. Qg4 Rae8 22. Rxe8 Rxe8 23. Qd7 Qe2+ 24. Kg3 Qe6 25. Qxa7 Ne7 26. h3 Qe4 27. Qd7 Nf5+ 28. Kh2 Re7 29. Qd8+ Kg7 30. Qa5 Qd5 31. a4 Re2 32. Qc3 Nd4 33. Kg3 Nxf3 0-1

[Event "Troisdorf op"]
[Site "Troisdorf"]
[Date "2009.11.24"]
[Round "5"]
[White "Trube, Dieter"]
[Black "Bonus, Jonas"]
[Result "1-0"]
[WhiteElo "1610"]
[BlackElo "1450"]
[PlyCount "129"]
[EventDate "2009.10.27"]
[EventType "swiss"]
[EventRounds "7"]
[EventCountry "GER"]
[SourceTitle "EXT 2011"]
[Source "ChessBase"]
[SourceDate "2010.11.26"]
[SourceVersion "1"]
[SourceVersionDate "2010.11.26"]
[SourceQuality "1"]

1. e4 e6 2. d4 b6 3. Nc3 Bb7 4. Nf3 Bb4 5. Bd3 d5 6. e5 f6 7. a3 Be7 8. 0-0 fxe5 9. Nxe5 Nf6 10. Qf3 c5 11. Qh3 Qc8 12. Bb5+ Nc6 13. Ng6 Rg8 14. Nxe7 Kxe7 15. dxc5 bxc5 16. Bg5 Qc7 17. Rfe1 Nd4 18. Bxf6+ Kxf6 19. Re3 Qd6 20. Bd3 Rae8 21. Rae1 Bc8 22. Bxh7 Rh8 23. Qh4+ Kf7 24. Qh5+ Ke7 25. Qg6 Kd8 26. g3 Qf8 27. Qd3 Qf6 28. Ne4 dxe4 29. Bxe4 Ref8 30. f4 Ke7 31. c3 Nf5 32. Bxf5 Qxf5 33. Qc4 Rh6 34. Re5 Qc2 35. Qxc5+ Kf7 36. Qxa7+ Kg8 37. R5e2 Qb3 38. Qd4 Bb7 39. Rc1 Rh5 40. h4 Ba8 41. Qd6 Rh6 42. Qd4 Qb7 43. Kh2 Rg6 44. Qe3 Re8 45. b4 Qa6 46. c4 Qc6 47. b5 Qb7 48. a4 Rf6 49. c5 Qc7 50. c6 Rf5 51. Rd1 Qa5 52. Rd4 Kf7 53. Rd7+ Kf8 54. Qd4 Rf7 55. Re5 g6 56. h5 Rxd7 57. cxd7 Rd8 58. Qd6+ Kg7 59. Qe7+ Kh6 60. Qg5+ Kh7 61. Qxg6+ Kh8 62. Qh6+ Kg8 63. Rg5+ Kf7 64. Rg7+ Kf8 65. Qh8# 1-0

[Event "Troisdorf op"]
[Site "Troisdorf"]
[Date "2008.10.21"]
[Round "2"]
[White "Stier, Artem"]
[Black "Trube, Dieter"]
[Result "1-0"]
[WhiteElo "1874"]
[BlackElo "1700"]
[PlyCount "65"]
[EventDate "2008.10.14"]
[EventType "swiss"]
[EventRounds "7"]
[EventCountry "GER"]
[SourceTitle "EXT 2011"]
[Source "ChessBase"]
[SourceDate "2010.11.26"]
[SourceVersion "1"]
[SourceVersionDate "2010.11.26"]
[SourceQuality "1"]

1. e4 d5 2. exd5 Qxd5 3. Nf3 Nf6 4. Nc3 Qd6 5. d4 a6 6. g3 Nc6 7. Bf4 Qd8 8. h3 e6 9. Bg2 Bb4 10. 0-0 0-0 11. Bg5 h6 12. Be3 Nd5 13. Nxd5 exd5 14. Ne5 Nxe5 15. dxe5 c6 16. Qh5 Re8 17. Rad1 Qc7 18. f4 Kh7 19. f5 Qxe5 20. Bxh6 Kg8 21. Bxg7 Qxg7 22. Rf4 Kf8 23. f6 Qxf6 24. Rxf6 Be6 25. Rxf7+ Bxf7 26. Rf1 Ke7 27. Qxf7+ Kd6 28. Rf6+ Kc5 29. Qxb7 Re1+ 30. Kh2 Rae8 31. Qxc6+ Kd4 32. Qxd5+ Ke3 33. Qd3# 1-0

[Event "Niedersachsen-ch Seniors op 11th"]
[Site "Bad Bevensen"]
[Date "2008.07.15"]
[Round "8"]
[White "Heimberg, Guenter"]
[Black "Trube, Dieter"]
[Result "0-1"]
[WhiteElo "1529"]
[BlackElo "1700"]
[PlyCount "78"]
[EventDate "2008.07.08"]
[EventType "swiss"]
[EventRounds "9"]
[EventCountry "GER"]
[SourceTitle "EXT 2022"]
[Source "ChessBase"]
[SourceDate "2021.10.06"]
[SourceVersion "1"]
[SourceVersionDate "2021.10.06"]
[SourceQuality "1"]

1. c4 g6 2. Nc3 Bg7 3. d4 Nf6 4. e4 d6 5. Nf3 0-0 6. h3 Nbd7 7. Be3 Re8 8. Be2 e5 9. d5 b6 10. b4 Bb7 11. b5 Nc5 12. Nd2 a6 13. a4 axb5 14. axb5 Qd7 15. 0-0 Rxa1 16. Qxa1 Ra8 17. Qb2 Na4 18. Nxa4 Rxa4 19. Qb3 Ra8 20. f3 Nh5 21. Kh2 f5 22. g4 f4 23. Bf2 Ng3 24. Bxg3 fxg3+ 25. Kxg3 Bh6 26. Qd3 Bf4+ 27. Kf2 Qe7 28. Ke1 Qh4+ 29. Kd1 Bxd2 30. Kxd2 Ra2+ 31. Kc1 Qh6+ 32. Kd1 Qxh3 33. Kc1 Qh6+ 34. Kd1 Qf4 35. Qc3 h6 36. Re1 g5 37. Qc1 Qf8 38. Qb1 Qa8 39. Qb3 Qa5 0-1

[Event "Niedersachsen-ch Seniors op 11th"]
[Site "Bad Bevensen"]
[Date "2008.07.14"]
[Round "7"]
[White "Trube, Dieter"]
[Black "Josting, Friedel"]
[Result "0-1"]
[WhiteElo "1700"]
[BlackElo "1794"]
[PlyCount "74"]
[EventDate "2008.07.08"]
[EventType "swiss"]
[EventRounds "9"]
[EventCountry "GER"]
[SourceTitle "EXT 2022"]
[Source "ChessBase"]
[SourceDate "2021.10.06"]
[SourceVersion "1"]
[SourceVersionDate "2021.10.06"]
[SourceQuality "1"]

1. e4 c5 2. b4 b6 3. bxc5 bxc5 4. Bc4 e6 5. c3 Bb7 6. d3 Nc6 7. f4 Be7 8. Nf3 Nf6 9. 0-0 0-0 10. h3 d5 11. exd5 exd5 12. Bb5 Qb6 13. Bxc6 Bxc6 14. Kh1 Rfe8 15. Nbd2 Qc7 16. Ne5 Bd6 17. Nxc6 Qxc6 18. Nf3 Qc7 19. g3 Re7 20. Re1 Rae8 21. Rxe7 Qxe7 22. Bd2 Nh5 23. Be1 h6 24. d4 Qe4 25. Kh2 Qe2+ 26. Qxe2 Rxe2+ 27. Kg1 c4 28. Kf1 Rc2 29. h4 Ba3 30. Ng1 Bb2 31. Rb1 Bxc3 32. Ne2 Bxe1 33. Kxe1 Rxa2 34. Rb5 Nf6 35. f5 Ne4 36. Kd1 Kh7 37. Rxd5 Rxe2 0-1

[Event "Troisdorf op"]
[Site "Troisdorf"]
[Date "2003.12.02"]
[Round "6"]
[White "De Levo, Michele"]
[Black "Trube, Dieter"]
[Result "0-1"]
[WhiteElo "1650"]
[BlackElo "1711"]
[PlyCount "77"]
[EventDate "2003.10.14"]
[EventType "swiss"]
[EventRounds "7"]
[EventCountry "GER"]
[SourceTitle "EXT 2005"]
[Source "ChessBase"]
[SourceDate "2004.11.15"]
[SourceVersion "1"]
[SourceVersionDate "2004.11.15"]
[SourceQuality "1"]

1. e4 e5 2. Nf3 Nc6 3. Bb5 Nf6 4. 0-0 Nxe4 5. Re1 Nd6 6. Nxe5 Nxe5 7. Rxe5+ Be7 8. Bd3 0-0 9. Qf3 Bf6 10. Re3 Ne8 11. Nc3 c6 12. Ne4 Bd4 13. Re2 d5 14. Ng3 Nf6 15. h3 Re8 16. c3 Be5 17. b3 Bxg3 18. Qxg3 Rxe2 19. Bxe2 Qe7 20. Qf3 Ne4 21. Qe3 Be6 22. Bb2 Re8 23. Re1 b6 24. Bd3 Nf6 25. c4 Qd8 26. Qg5 h6 27. Qh4 dxc4 28. Bxc4 Qxd2 29. Re2 Qd1+ 30. Kh2 Bxc4 31. Rxe8+ Nxe8 32. Qxc4 Qd6+ 33. f4 b5 34. Qe4 Nf6 35. Qe3 Nd5 36. Qe8+ Kh7 37. Be5 Qg6 38. Qd7 Ne3 39. Qd2 0-1

[Event "Troisdorf op"]
[Site "Troisdorf"]
[Date "2002.11.05"]
[Round "2"]
[White "Trube, Dieter"]
[Black "Cohnen, Michael"]
[Result "1-0"]
[WhiteElo "1682"]
[BlackElo "1739"]
[PlyCount "111"]
[EventDate "2002.10.??"]
[EventType "swiss"]
[EventRounds "7"]
[EventCountry "GER"]
[SourceTitle "EXT 2005"]
[Source "ChessBase"]
[SourceDate "2004.11.15"]
[SourceVersion "1"]
[SourceVersionDate "2004.11.15"]
[SourceQuality "1"]

1. e4 c6 2. d4 d5 3. e5 Bf5 4. Nc3 Qb6 5. Nf3 h6 6. Bd3 Bxd3 7. Qxd3 e6 8. 0-0 Nd7 9. Na4 Qc7 10. b3 b5 11. Nb2 Ba3 12. Nd1 Bxc1 13. Rxc1 Ne7 14. Ne3 0-0 15. c4 Qb7 16. cxd5 cxd5 17. Rc2 Rfc8 18. Rfc1 Rxc2 19. Rxc2 a6 20. h3 Rc8 21. Nd2 Rxc2 22. Qxc2 Qb6 23. Qc3 Nc6 24. Nf3 Kf8 25. Nc2 b4 26. Qb2 Qb5 27. a3 a5 28. axb4 axb4 29. Nce1 Ndb8 30. Qc2 Na6 31. Qh7 Qe2 32. Qh8+ Ke7 33. Qxg7 Nxd4 34. Qxh6 Nxf3+ 35. Nxf3 Qd1+ 36. Kh2 Qxb3 37. Qf6+ Ke8 38. Ng5 Nc7 39. Qxf7+ Kd8 40. Qf8+ Kd7 41. Qd6+ Kc8 42. Nxe6 Nxe6 43. Qxe6+ Kb7 44. Qd7+ Kb6 45. e6 Qc4 46. g3 Qd4 47. Kg1 b3 48. e7 b2 49. Qd6+ Kb7 50. Qd7+ Kb6 51. Qe6+ Kc5 52. e8Q Qd1+ 53. Kg2 b1Q 54. Q8c6+ Kb4 55. Qb6+ Kc4 56. Qec6+ 1-0

[Event "GER North-ch Seniors 5th"]
[Site "Bad Bevensen"]
[Date "2002.06.22"]
[Round "1"]
[White "Gretzer, Otmar"]
[Black "Trube, Dieter"]
[Result "1-0"]
[WhiteElo "2174"]
[BlackElo "1709"]
[PlyCount "121"]
[EventDate "2002.06.??"]
[EventType "swiss"]
[EventRounds "9"]
[EventCountry "GER"]
[SourceTitle "EXT 2006"]
[Source "ChessBase"]
[SourceDate "2005.11.24"]
[SourceVersion "1"]
[SourceVersionDate "2005.11.24"]
[SourceQuality "1"]

1. e4 e5 2. Nf3 Nc6 3. d4 exd4 4. Bc4 Nf6 5. 0-0 d6 6. c3 Be7 7. cxd4 Nxe4 8. d5 Ne5 9. Re1 Nxc4 10. Rxe4 Nb6 11. Nc3 0-0 12. Nd4 Bf6 13. Bf4 Bd7 14. Rc1 a6 15. a4 Re8 16. Rxe8+ Bxe8 17. b3 Rc8 18. Nf5 Bd7 19. Ng3 Bxc3 20. Rxc3 Qf6 21. Ne2 Bg4 22. f3 Bf5 23. a5 Nd7 24. Qd2 h6 25. Ng3 Bg6 26. Be3 c5 27. dxc6 Rxc6 28. Bd4 Qd8 29. b4 Rxc3 30. Qxc3 f6 31. f4 d5 32. f5 Bf7 33. Ne2 Nb8 34. Bb6 Qd7 35. Nd4 Nc6 36. Nxc6 bxc6 37. Qd3 Qc8 38. Bc5 Kh7 39. Bd4 Qb7 40. Bc5 Qb5 41. Qxb5 cxb5 42. Kf2 g6 43. fxg6+ Kxg6 44. Ke3 Kf5 45. Kd4 h5 46. Bf8 Be6 47. Bh6 Bc8 48. Kxd5 Bb7+ 49. Kc5 Bxg2 50. Kb6 Ke6 51. Kxa6 Bc6 52. Kb6 Kd5 53. Bf4 f5 54. a6 Bd7 55. a7 Bc6 56. Bg3 Ba8 57. Kxb5 Ke4 58. Ka6 f4 59. Bh4 Kf3 60. b5 Kg2 61. b6 1-0